Statistics for Real Madrid CF Squad 2012-2013

Click here to take the quiz!

General Stats

  • This quiz has been taken 65 times
  • The average score is 19 of 23

Answer Stats

#PositionNationPlayer% Correct
7FWPortugalCristiano Ronaldo
98%
4DFSpainSergio Ramos
98%
1GKSpainIker Casillas
96%
3DFPortugalPepe
96%
9FWFranceKarim Benzema
94%
19MFCroatiaLuka Modrić
94%
12DFBrazilMarcelo Vieira
94%
10MFGermanyMesut Özil
92%
6MFGermanySami Khedira
90%
2DFFranceRaphaël Varane
88%
22FWArgentinaÁngel Di María
86%
5DFPortugalFábio Coentrão
86%
-CoachPortugalJosé Mourinho
86%
20FWArgentinaGonzalo Higuaín
84%
8MFBrazilKaká
84%
15MFGhanaMichael Essien
78%
11DFPortugalRicardo Carvalho
73%
25GKSpainDiego López
67%
14MFSpainXabi Alonso
67%
17DFSpainÁlvaro Arbeloa
63%
13GKSpainAntonio Adán
49%
18DFSpainRaúl Albiol
49%
21FWSpainJosé Callejón
47%

Score Distribution

Percentile by Number Answered

Percent of People with Each Score

Your Score History

You have not taken this quiz